00507cam a22001574a 4500020002800000082001700028100002500045245002600070260005600096300001600152650002600168650002000194650001600214856005600230856006300286 a0801863465 (alk. paper)00a323.442bSPI1 aSpinner-Halev, Jeff.10aSurviving diversity : aBaltimore :bJohns Hopkins University Press,c2000. ax, 246 p. ; 0aReligion and politics 0aReligious right 0aCitizenship42uhttp://www.loc.gov/catdir/bios/jhu051/99055611.html42uhttp://www.loc.gov/catdir/description/jhu052/99055611.html